000 01615cam a22004454 4500
003 PE-LiUPU
005 20250731175615.0
008 1995 gw b
020 _a3447035900
035 _a(Sirsi) i9783447035903
035 _a(Sirsi) 20674
035 _a(Sirsi) 20674
040 _aPE-LiUPU
_bspa
_cPE-LiUPU
_erda
049 _aPRUA
082 0 4 _a492.29
_bR84
100 1 _aRosenthal, Franz,
_eautor.
245 1 0 _aA grammar of biblical aramaic /
_cFranz Rosenthal.
264 1 _aWiesbaden :
_bHarrasswitz Verlag,
_c1995
300 _a104 páginas ;
_c24 centímetros.
336 _atext
_2rdacontent
337 _aunmediated
_2rdamedia
338 _avolume
_2rdacarrier
490 0 _aPorta linguarum orientalium neue serie, t
_v5
504 _aIncluye bibliografía
505 0 _aThe texts and the lamguage -- The writing -- Remarks on phonology -- The pronoun -- The noun and the adjetive -- Numerals -- Prepositions -- Conjunctions -- Negations -- Adverbs and particles -- The verb -- The vocabulary
526 _aP145
526 _aP127
526 _aP97
526 _aP35
526 _aP14
526 _aP07
650 1 4 _aArameo bíblico
_xGramática
942 _2ddc
_cBOOK
949 _a492.29 R84
_i43577
_lPOSTGRADO
_mBUL
_tLIBRO
_o.STAFF. Posgrado
859 _q43577
_h492.29
_iR84
910 _aaj-hd
596 _a1
999 _a492.29 R84
_wDEWEY
_c41
_i43577
_f2021-11-11
_g5
_lCCODEBUL1
_mBUL
_p30.60
_r0
_sY
_tBOOK
_u2015-6-16
_xTEOLOGIA
_PP35
_0COMPRA
_o.STAFF. Colección Teología
_d41
980 _81
_gALBERTO SANCHEZ Responsable de Automatización